00407 2200169 4500001002100000005001500021008004100036020000600077035001900083041000700102082001000109090001600119100001200135245004400147260001600191300003000207INLIS00000000000073520220725115831220725||||||||| | ||| |||| || |  a- 0010-0722000735 aid0 a635.6 a635.6 Soe m0 aSoewito00aMemanfaatkan lahan bercocok tanam cabai aDepokc1988 ap,.;Pig,.;91,.;Bil,.21 Cm